000 00464nam a2200181Ia 4500
001 9131
005 20260306160701.0
008 260306t2013||||xx |||||||||||||| ||spa||
041 _aESP
082 _a372.86
_bC32
100 _aCastro Mangas, Adela de
_eAUT
245 0 _aJuegos para educación física:
_bdesarrollo de destrezas básicas
260 _c2013
300 _a143 páginas :
_c23 cm.
650 _aGEN
654 _aCED
942 _cLIB
_dJUS
_fJUS
_2ddc
_n
999 _c9131
_d9131